Compilers: Principles, techniques and tools (Record no. 157804)
[ view plain ]
| 000 -LEADER | |
|---|---|
| fixed length control field | 00409nam a2200157Ia 4500 |
| 008 - FIXED-LENGTH DATA ELEMENTS--GENERAL INFORMATION | |
| fixed length control field | 230917s9999||||xx |||||||||||||| ||und|| |
| 040 ## - CATALOGING SOURCE | |
| -- | 194936 |
| Original cataloging agency | VIVEKANANDA LIBRARY |
| 041 ## - Language | |
| -- | English |
| 082 ## - DDC NUMBER | |
| Classification number | 005.453 A68C(2) |
| 100 ## - MAIN ENTRY--PERSONAL NAME | |
| Personal name | Aho, Alfred V |
| 245 #0 - TITLE STATEMENT | |
| Title | Compilers: Principles, techniques and tools |
| 250 ## - EDITION STATEMENT | |
| Edition statement | 2nd ed. |
| 260 ## - PUBLICATION, DISTRIBUTION, ETC. (IMPRINT) | |
| Place of publication, distribution, etc | New Delhi |
| Name of publisher, distributor, etc | Pearson Education |
| Date of publication, distribution, etc | 2007 |
| 300 ## - PHYSICAL DESCRIPTION | |
| Pages | xxiv, 1009 p. |
| 942 ## - ADDED ENTRY ELEMENTS (KOHA) | |
| Koha item type | Books |
| Withdrawn status | Lost status | Damaged status | Not for loan | Location (home branch) | Sublocation or collection (holding branch) | Shelving location | Date acquired | Koha issues (times borrowed) | Koha full call number | Accession No. | Koha date last seen | Koha item type |
|---|---|---|---|---|---|---|---|---|---|---|---|---|
| VIVEKANANDA LIBRARY | VIVEKANANDA LIBRARY | UIET Library | 15/12/2011 | 1 | 005.453 A68C(2) | 288990 | 15/02/2024 | Books | ||||
| VIVEKANANDA LIBRARY | VIVEKANANDA LIBRARY | UIET Library | 15/12/2011 | 1 | 005.453 A68C(2) | 288991 | 28/11/2023 | Books | ||||
| VIVEKANANDA LIBRARY | VIVEKANANDA LIBRARY | UIET Library | 15/12/2011 | 005.453 A68C(2) | 288992 | 17/09/2023 | Books | |||||
| VIVEKANANDA LIBRARY | VIVEKANANDA LIBRARY | UIET Library | 15/12/2011 | 1 | 005.453 A68C(2) | 288993 | 12/03/2026 | Books | ||||
| VIVEKANANDA LIBRARY | VIVEKANANDA LIBRARY | UIET Library | 15/12/2011 | 1 | 005.453 A68C(2) | 288994 | 28/05/2025 | Books | ||||
| VIVEKANANDA LIBRARY | VIVEKANANDA LIBRARY | UIET Library | 15/12/2011 | 005.453 A68C(2) | 288995 | 17/09/2023 | Books | |||||
| VIVEKANANDA LIBRARY | VIVEKANANDA LIBRARY | UIET Library | 15/12/2011 | 1 | 005.453 A68C(2) | 288996 | 03/04/2024 | Books | ||||
| VIVEKANANDA LIBRARY | VIVEKANANDA LIBRARY | UIET Library | 15/12/2011 | 1 | 005.453 A68C(2) | 288997 | 08/05/2024 | Books | ||||
| VIVEKANANDA LIBRARY | VIVEKANANDA LIBRARY | UIET Library | 15/12/2011 | 1 | 005.453 A68C(2) | 288998 | 17/04/2026 | Books | ||||
| VIVEKANANDA LIBRARY | VIVEKANANDA LIBRARY | 15/12/2011 | 1 | 005.453 A68C(2) | 332568 | 21/09/2024 | Books | |||||
| VIVEKANANDA LIBRARY | VIVEKANANDA LIBRARY | 15/12/2011 | 1 | 005.453 A68C(2) | 332569 | 01/10/2024 | Books |
